| 000 | 00413nam a2200157Ia 4500 | ||
|---|---|---|---|
| 003 | GCL | ||
| 008 | 140319s9999 xx 000 0 eng d | ||
| 040 |
_aGCL / _cGCL |
||
| 082 | 0 | 4 |
_a658 _bTI |
| 100 | 1 | _aTAYLOR,BERNARD | |
| 245 | 1 | 0 |
_aIntroduction To Management Science / _cTAYLOR,BERNARD |
| 260 |
_a[S.N] : _bALLYN AND BACON ، _c1990 |
||
| 300 | _a896 P | ||
| 650 | 0 | 4 | _aMANAGEMENT - SCIENCES |
| 942 |
_2ddc _cBK |
||
| 999 |
_c19893 _d19893 |
||